Wszystkie miasta województwa warmińsko-mazurskiego na mapie - Statystyki

Ogólne statystyki
  • Ten quiz został rozwiązany 6 167 razy
    6 021 od ostatniego zresetowania
  • Średni wynik to 26 z 50
Odpowiedzi na mapie
Odpowiedzi zakodowano w zielono-czerwonej skali na mapie do tego quizu, zgodnie z poniższymi procentami.
 
Statystyki odpowiedzi
Miasto % Poprawnych
Olsztyn
99%
Elbląg
95%
Ełk
90%
Giżycko
77%
Iława
76%
Mrągowo
75%
Ostróda
72%
Bartoszyce
71%
Gołdap
71%
Braniewo
68%
Kętrzyn
68%
Lidzbark
68%
Olsztynek
68%
Mikołajki
66%
Pisz
65%
Szczytno
65%
Nidzica
63%
Węgorzewo
63%
Działdowo
61%
Frombork
60%
Lidzbark Warmiński
58%
Olecko
58%
Nowe Miasto Lubawskie
55%
Morąg
54%
Pasłęk
49%
Dobre Miasto
48%
Biskupiec
47%
Lubawa
47%
Ruciane-Nida
47%
Orneta
43%
Ryn
43%
Barczewo
42%
Orzysz
41%
Tolkmicko
40%
Reszel
39%
Biała Piska
37%
Bisztynek
34%
Korsze
34%
Miłomłyn
34%
Pasym
34%
Pieniężno
34%
Susz
34%
Górowo Iławeckie
33%
Jeziorany
33%
Wielbark
32%
Sępopol
31%
Młynary
30%
Zalewo
30%
Kisielice
29%
Miłakowo
28%
Nie znaleziono quizów pasujących do podanych kryteriów
Rozkład punktacji
Procent ludzi z każdym wynikiem
Percentyl według liczby udzielonych odpowiedzi
Twoja historia wyników
Nie rozwiązałeś tego quizu od ostatniego zresetowania